| Answer | % Correct |
|---|---|
| Evernight | 97%
|
| Himeko | 97%
|
| March 7th | 97%
|
| March 7th • The Hunt | 97%
|
| Blade | 96%
|
| Dan Heng | 96%
|
| Dan Heng • Imbibitor Lunae | 96%
|
| Dan Heng • Permansor Terrae | 96%
|
| Welt | 96%
|
| Asta | 95%
|
| Caelus | 95%
|
| Firefly | 95%
|
| Herta | 95%
|
| Kafka | 95%
|
| Silver Wolf | 95%
|
| Stelle | 95%
|
| The Herta | 95%
|
| Fire | 94%
|
| Arlan | 93%
|
| Boothill | 93%
|
| Bronya | 93%
|
| Seele | 92%
|
| Sparxie | 92%
|
| Aventurine | 91%
|
| Gepard | 91%
|
| Jade | 91%
|
| Robin | 91%
|
| Sunday | 91%
|
| Topaz & Numby | 91%
|
| Castorice | 90%
|
| Phainon | 90%
|
| Serval | 90%
|
| Sparkle | 90%
|
| Acheron | 89%
|
| Hook | 89%
|
| Mydei | 89%
|
| Rappa | 89%
|
| Ruan Mei | 89%
|
| Anaxa | 88%
|
| Destruction | 88%
|
| Jing Yuan | 88%
|
| Sampo | 88%
|
| The Hunt | 88%
|
| Black Swan | 87%
|
| Lynx | 87%
|
| Pela | 87%
|
| Preservation | 87%
|
| Wind | 87%
|
| Gallagher | 86%
|
| Hyacine | 86%
|
| Ice | 86%
|
| Imaginary | 86%
|
| Misha | 86%
|
| Natasha | 86%
|
| Nihility | 86%
|
| Aglaea | 85%
|
| Luka | 85%
|
| Quantum | 85%
|
| Tribbie | 85%
|
| Argenti | 84%
|
| Cerydra | 84%
|
| Cipher | 84%
|
| Cyrene | 84%
|
| Elation | 84%
|
| Erudition | 84%
|
| Harmony | 84%
|
| Physical | 84%
|
| Yao Guang | 84%
|
| Abundance | 83%
|
| Feixiao | 83%
|
| Dr. Ratio | 82%
|
| Lightning | 82%
|
| Hysilens | 81%
|
| Yanqing | 81%
|
| Bailu | 80%
|
| Clara | 80%
|
| Moze | 80%
|
| Fugue | 79%
|
| Jingliu | 79%
|
| Luocha | 79%
|
| Tingyun | 79%
|
| Archer | 78%
|
| Fu Xuan | 78%
|
| Remembrance | 78%
|
| The Dahlia | 78%
|
| Yukong | 78%
|
| Guinaifen | 77%
|
| Hanya | 77%
|
| Huohuo | 77%
|
| Yunli | 77%
|
| Jiaoqiu | 76%
|
| Lingsha | 76%
|
| Saber | 76%
|
| Sushang | 75%
|
| Qingque | 73%
|
| Xueyi | 72%
|